Score 0/25 Timer 07:00
2 Plays Today
% Correct
Friends
92.7%
Sabrina, the Teenage Witch
91.8%
Two and a Half Men
91.4%
The Office (US)
90.4%
Modern Family
89.8%
Reno 911!
88.1%
Weeds
87%
That ‘70s Show
86.7%
Joey
83.1%
Veep
82.6%
Cougar Town
82.3%
My Name Is Earl
80.3%
Entourage
79.2%
% Correct
Dharma & Greg
78.7%
The Odd Couple
77.9%
Freaks and Geeks
77.2%
Married... with Children
77%
Becker
76.4%
The Big Bang Theory
75.5%
How I Met Your Mother
72.2%
Crazy Ex-Girlfriend
70%
Parks and Recreation
69.4%
Arrested Development
69.3%
The Black Adder
67%
The King of Queens
65.7%
Remove Ads.
Support Sporcle.
Get the best of Sporcle when you Go Orange. This ad-free experience offers more features, more stats, and more fun while also helping to support Sporcle. Thank you for becoming a member.

You're not logged in!

Compare scores with friends on all Sporcle quizzes.
OR
Log In

Show Comments

Extras

Top Quizzes Today


Score Distribution

Your Account Isn't Verified!

In order to create a playlist on Sporcle, you need to verify the email address you used during registration. Go to your Sporcle Settings to finish the process.

Report this User

Report this user for behavior that violates our Community Guidelines.

Details: